We the people : A concise introduction to American politics
This book explains the basics of the American Government course in a ... way that promotes participation and critical thinking.-Back cover. This is a narrative-based text ... A narrative text weaves together theory, information, and examples in order to bring out key facts and ideas. The goal is to...
Đã lưu trong:
| Príomhúdar: | |
|---|---|
| Formáid: | Leabhar |
| Teanga: | Undetermined |
| Foilsithe: |
Princeton, N.J.
Recording for the Blind & Dyslexic
2007
|
| Ábhair: | |
| Clibeanna: |
Cuir Clib Leis
Gan Chlibeanna, Bí ar an gcéad duine leis an taifead seo a chlibeáil!
|
| Thư viện lưu trữ: | Trung tâm Học liệu Trường Đại học Cần Thơ |
|---|
| LEADER | 01175nam a2200217Ia 4500 | ||
|---|---|---|---|
| 001 | CTU_186965 | ||
| 008 | 210402s9999 xx 000 0 und d | ||
| 082 | |a 320.473 | ||
| 082 | |b P318 | ||
| 100 | |a Patterson, Thomas E. | ||
| 245 | 0 | |a We the people : | |
| 245 | 2 | |b A concise introduction to American politics | |
| 245 | 0 | |c Thomas E. Patterson | |
| 260 | |a Princeton, N.J. | ||
| 260 | |b Recording for the Blind & Dyslexic | ||
| 260 | |c 2007 | ||
| 520 | |a This book explains the basics of the American Government course in a ... way that promotes participation and critical thinking.-Back cover. This is a narrative-based text ... A narrative text weaves together theory, information, and examples in order to bring out key facts and ideas. The goal is to draw the students into the subject, give them a contextual understanding of major concepts and issues, and encourage them to think about the implications for themselves and society. | ||
| 650 | |a Political science,United States,Khoa học chính trị,Hoa Kỳ | ||
| 650 | |x Politics and government,Chính trị và chính phủ | ||
| 904 | |i Trúc | ||
| 980 | |a Trung tâm Học liệu Trường Đại học Cần Thơ | ||